00390nam a2200121Ia 45000010005000000080041000050820021000461000063000672450071001302600024002019010028002259990015002531284241024s9999 xx 000 0 und d aRD/371.334/R426c aRepública Dominicana.Secretaria de Estado de Educación 0aCarpeta informativa Dirección General de Informática Educativa bSanto Domingoc2008 a11/3/2011 10:21:16 a.m. c8834d8834